Learning Resource and Development

Philippine culture and tourism geography / (Record no. 30949)

MARC details
000 -LEADER
fixed length control field 01595nam a2200289 i 4500
003 - CONTROL NUMBER IDENTIFIER
control field CSPC
005 - DATE AND TIME OF LATEST TRANSACTION
control field 20251201114400.0
008 - FIXED-LENGTH DATA ELEMENTS--GENERAL INFORMATION
fixed length control field 251129b2022 ph b 000 0 eng d
020 ## - INTERNATIONAL STANDARD BOOK NUMBER
International Standard Book Number 9786214780174
040 ## - CATALOGING SOURCE
Original cataloging agency CSPC
Language of cataloging eng
Transcribing agency CSPC
Description conventions rda
082 04 - DEWEY DECIMAL CLASSIFICATION NUMBER
Classification number 910.688
Item number Y48p
100 1# - MAIN ENTRY--PERSONAL NAME
Personal name Yeung, Mylene A.,
Relator term author.
245 10 - TITLE STATEMENT
Title Philippine culture and tourism geography /
Statement of responsibility, etc. Mylene A. Yeung.
250 ## - EDITION STATEMENT
Edition statement 2nd edition.
264 #1 - PRODUCTION, PUBLICATION, DISTRIBUTION, MANUFACTURE, AND COPYRIGHT NOTICE
Place of production, publication, distribution, manufacture Manila :
Name of producer, publisher, distributor, manufacturer Edric Publishing House,
Date of production, publication, distribution, manufacture, or copyright notice 2022.
300 ## - PHYSICAL DESCRIPTION
Extent 129 pages ;
Dimensions 26 cm.
336 ## - CONTENT TYPE
Source rdacontent
Content type term text
337 ## - MEDIA TYPE
Source rdamedia
Media type term unmediated
338 ## - CARRIER TYPE
Source rdacarrier
Carrier type term volume
504 ## - BIBLIOGRAPHY, ETC. NOTE
Bibliography, etc. note Includes bibliographical references.
505 0# - FORMATTED CONTENTS NOTE
Formatted contents note Introduction -- Region I: Ilocos Region -- Cordillera administrative region -- Region II: Cagayan Valley region -- Region III: Central Luzon region -- Region IV: Southern tagalog region -- Region V: Bicol region -- Region VI: Western Visayas region -- Region VII: Central Visayas region -- Region VIII: Eastern Visayas region -- Region IX: Western Mindanao region (Zamboanga Peninsula) -- Region X: Northern Mindanao Region -- Region XI: Southern Mindanao region (Davao Region) -- Region XII: South Central Mindanao region (Soccsksargen) -- Region XIII: Caraga region -- Autonomous region of Muslim Mindanao -- National Capital region.
650 #1 - SUBJECT ADDED ENTRY--TOPICAL TERM
Topical term or geographic name entry element Tourism
Geographic subdivision Philippines.
650 #1 - SUBJECT ADDED ENTRY--TOPICAL TERM
Topical term or geographic name entry element Geography
Geographic subdivision Philippines.
650 #0 - SUBJECT ADDED ENTRY--TOPICAL TERM
Topical term or geographic name entry element Culture
Geographic subdivision Philippines.
942 ## - ADDED ENTRY ELEMENTS (KOHA)
Source of classification or shelving scheme Dewey Decimal Classification
Suppress in OPAC No
Koha item type Books
Classification part 910.688
Item part Y48p
Call number prefix FIL
Call number suffix 2022
Holdings
Withdrawn status Lost status Source of classification or shelving scheme Damaged status Not for loan Home library Current library Shelving location Date acquired Total Checkouts Full call number Barcode Date last seen Copy number Price effective from Koha item type
    Dewey Decimal Classification     Main Library Main Library Filipiniana Section 11/29/2025   FIL 910.688 Y48p 2022 030783 11/29/2025 1-2 11/29/2025 Books
    Dewey Decimal Classification     Main Library Main Library Filipiniana Section 11/29/2025   FIL 910.688 Y48p 2022 030784 11/29/2025 2-2 11/29/2025 Books